000 01087nac a22003377a 4500
001 BR0805575
003 BR-BrBNA
005 20240105123641.0
008 230509b bl.|||m| |||| 00| 0 por d
040 _aBR-BrBNA
_bpor
_cBiblioteca Nacional de Agricultura
072 _aF04; F06
090 _a0430 BR0805575
100 1 _aLuz, M.J. da S.
100 1 _aBezerra, J.R.C.
100 1 _aPereira, J.R.
100 1 _aDias, J.M.
100 1 _aSantos, J.W. dos
110 1 _aEMBRAPA Algodão, Campina Grande, PB (Brasil)
_93546
245 1 _aFertilização nitrogenada do algodoeiro herbáceo irrigado; 1: Qualidade da fibra
260 3 _aCampina Grande, PB (Brasil):
_c2007.
300 _a13p.
490 _aBoletim de Pesquisa e Desenvolvimento - EMBRAPA Algodão (Brazil)
_vno. 82
_xISSN 0103-0841
500 _aSummaries (En, Pt); 10 ref.
650 _aALGODÃO HERBÁCEO
650 _aADUBAÇÃO
650 _aFERTILIZANTE NITROGENADO
650 _aURÉIA
650 _aFERTIRRIGAÇÃO
909 _a202312
_bLúcia Elande
_c55
_dLúcia Elande
942 _2AGRIS
_n0
_cMS
999 _c296387
_d296387